Sexualidad y adolescencia: texto padres
Sparad:
| Huvudupphovsman: | |
|---|---|
| Materialtyp: | Bok |
| Språk: | spanska |
| Publicerad: |
Santiago
Eds. Universidad Católica de Chile
1994
|
| Upplaga: | 1a. ed |
| Serie: | Aprendizaje
|
| Ämnen: | |
| Taggar: |
Lägg till en tagg
Inga taggar, Lägg till första taggen!
|
MARC
| LEADER | 00000nam a2200000 a 4500 | ||
|---|---|---|---|
| 001 | UCH4310 | ||
| 003 | CL-VaPUC | ||
| 008 | 090818e19940000CL |||||||||||||||||spa|d | ||
| 020 | |a 9561403137 | ||
| 082 | 0 | 4 | |a 612.6 |b SIL |2 21 |
| 100 | 0 | |a Silva Raveau, Mónica |e author |9 539802 | |
| 245 | 1 | 0 | |a Sexualidad y adolescencia: texto padres |
| 250 | |a 1a. ed | ||
| 300 | |a 81 p | ||
| 942 | |c BK | ||
| 945 | |d 20090818 00:00:00 |a lazolas | ||
| 260 | |a Santiago |b Eds. Universidad Católica de Chile |c 1994 | ||
| 650 | 0 | |a Educación sexual |9 308005 | |
| 650 | 0 | |a Adolescencia |9 307361 | |
| 650 | 0 | |a Aspectos sexuales |9 310122 | |
| 650 | 7 | |a RELACIONES SEXUALES |2 CL-VaPUC |9 312685 | |
| 583 | |a last modification |c 20090818 00:00:00 |k Rodrigo Vera | ||
| 490 | 0 | |a Aprendizaje | |
| 999 | |c 335642 |d 335640 | ||